Tout comprendre à la géopolitique (notice n° 2095556)

détails MARC
000 -LEADER
fixed length control field 01185cam a2200133 4500500
005 - DATE AND TIME OF LATEST TRANSACTION
control field 20260405011531.0
041 ## - LANGUAGE CODE
Language code of text/sound track or separate title fre
042 ## - AUTHENTICATION CODE
Authentication code dc
100 10 - MAIN ENTRY--PERSONAL NAME
Personal name Battistoni-Lemière, Anne
Relator term author
245 00 - TITLE STATEMENT
Title Tout comprendre à la géopolitique
260 ## - PUBLICATION, DISTRIBUTION, ETC.
Name of publisher, distributor, etc. Armand Colin,<br/>
Date of publication, distribution, etc. 2025.<br/>
520 ## - SUMMARY, ETC.
Summary, etc. Comprendre notre monde, changeant et confronté à des défis inédits, impose une approche globale: c’est toute l’ambition de la géopolitique qui fait appel à l’histoire, la géographie, la sociologie, l’économie, la démographie, la science politique.Pour décrypter ce monde complexe, Tout comprendre à la géopolitiquement à la disposition de tous les étudiants suivant un enseignement de géopolitique le langage commun dont ils ont impérativement.12 grands enjeux géopolitiques.48 chapitres pour décoder le fonctionnement du monde contemporain.1200 concepts expliqués et éclairés par des exemples actuels, des repères historiques, statistiques ou bibliographiques, et complétés par les grands débats et enjeux qui leur sont associés.
856 41 - ELECTRONIC LOCATION AND ACCESS
Uniform Resource Identifier <a href="https://shs.cairn.info/tout-comprendre-a-la-geopolitique--9782200641306?lang=fr&redirect-ssocas=7080">https://shs.cairn.info/tout-comprendre-a-la-geopolitique--9782200641306?lang=fr&redirect-ssocas=7080</a>

Pas d'exemplaire disponible.

PLUDOC

PLUDOC est la plateforme unique et centralisée de gestion des bibliothèques physiques et numériques de Guinée administré par le CEDUST. Elle est la plus grande base de données de ressources documentaires pour les Étudiants, Enseignants chercheurs et Chercheurs de Guinée.

Adresse

627 919 101/664 919 101

25 boulevard du commerce
Kaloum, Conakry, Guinée

Réseaux sociaux

Powered by Netsen Group @ 2025